| 000 | 00725nam a22002297a 4500 | ||
|---|---|---|---|
| 005 | 20250930132208.0 | ||
| 006 | a|||||r|||| 00| 0 | ||
| 007 | ta | ||
| 008 | 250930b2009 ag ||||| |||| 00| 0 spa d | ||
| 020 | _a9789872505097 | ||
| 040 |
_aAR-EsCIE _cAR-EsCIE |
||
| 100 | 1 |
_aRapoport, Eduardo H., _q(Eduardo Hugo), _d1927-2017 _9850 |
|
| 245 | 1 | 0 |
_aMalezas comestibles del cono sur y otras partes del planeta / _cEduardo H. Rapoport, Angel Marzocca, Bárbara S. Drausal. |
| 260 |
_aBuenos Aires : _bEdiciones INTA, _c2009. |
||
| 300 | _a215 p. | ||
| 650 | 4 |
_aMALEZAS _9962 |
|
| 650 | 4 |
_aPLANTAS _919 |
|
| 700 | 1 |
_aMarzocca, Angel _9963 |
|
| 700 | 1 |
_aDrausal, Bárbara S. _9964 |
|
| 910 | _aPG20250930 | ||
| 942 |
_2ddc _cBK _n0 |
||
| 999 |
_c470 _d470 |
||